|
|
|
|
| LEADER |
00000nab#a22000007a#4500 |
| 001 |
arbauad029448 |
| 003 |
AR-BaUAD |
| 005 |
20250711112401.0 |
| 008 |
971202|||||||||###||||||b###|0###a|spa|| |
| 040 |
|
|
|a AR-BaUAD
|c AR-BaUAD
|b spa
|
| 100 |
|
|
|a Soto, Ana Lilia
|
| 245 |
|
|
|a Pueblo chico, diseño grande :
|b nacionalismo vs. globalización /
|c Ana Lilia Soto;
|
| 300 |
0 |
|
|b fot.
|
| 500 |
|
|
|a Artículo teórico.
|
| 653 |
|
|
|a DISEÑO GRAFICO
|
| 653 |
|
|
|a TEORIA
|
| 653 |
|
|
|a DISEÑO EDITORIAL
|
| 653 |
|
|
|a AFICHES
|
| 653 |
|
|
|a GLOBALIZACION
|
| 653 |
|
|
|a ESTETICA
|
| 653 |
|
|
|a VANGUARDIAS
|
| 773 |
0 |
|
|t MATIZ
|g no. 5 [ago. 1997], p. 6-9
|
| 942 |
|
|
|c ARTI
|
| 952 |
|
|
|0 0
|1 0
|4 0
|7 0
|9 74367
|a AR-BAuAD
|b AR-BAuAD
|d 2025-07-11
|l 0
|p AAQA029448
|r 2025-07-11 11:24:01
|w 2025-07-11
|y ARTI
|
| 990 |
|
|
|a DG199
|b TD
|
| 998 |
|
|
|a AAQ
|b BIBUN76
|
| 999 |
|
|
|c 54040
|d 54040
|